000 00515nam a2200157 4500
008 160923b xxu||||| |||| 00| 0 eng d
022 _a16565649
082 _aDPer 303.405 H22 May-Sept 2015 n. 6-10
100 _915174
_aLu, James
245 _aSamsung galaxy s6 edge:
_bsamsung is back on top/
_cJames Lu.
260 _aQuezon City:
_bHardware Zone Phils. Corp.,
_cc2015.
300 _av11 i7, pages 40-41;
_c30 cm.
500 _aHWM Philippines.
650 0 _915175
_aCellular telephones
942 _2ddc
_cPER
999 _c4793
_d4793